| 000 | 01024nam a2200277Ia 4500 | ||
|---|---|---|---|
| 003 | OSt | ||
| 005 | 20221005105302.0 | ||
| 006 | a|||||r|||| 00| 0 | ||
| 007 | ta | ||
| 008 | 221004b |||||||| |||| 00| 0 hin d | ||
| 020 |
_a8170168139 (hbk) _c475 |
||
| 024 | _a20584 | ||
| 037 |
_b24018, 27/03/2015, Kitab Ghar _cTextual |
||
| 040 |
_aCRL _cCRL _bhin |
||
| 041 |
_2hin _ahin |
||
| 082 | _aP152, P6;Q2 | ||
| 100 | _aटंडन, पूरनचंद | ||
| 245 | 0 | _aहिन्दी स्वरूप और विस्तार | |
| 246 | _aHindī svarūp aur vistāra | ||
| 260 |
_aनई दिल्ली _bकिताबघर भारत _c2012 |
||
| 300 |
_a285पृ0 _ccm. |
||
| 650 | _aहिन्दी भाषा | ||
| 700 | _a तिवारी, सुनील कुमार | ||
| 942 |
_hP152, P6;Q2 _cTEXL _2cc |
||
| 999 |
_c1015368 _d1015368 |
||